[Event "EWCCC Online Preliminary-C 2020"]
[Site "Online"]
[Date "2020.12.19"]
[Round "5.4"]
[White "Hakimifard, Ghazal"]
[Black "Ptacnikova, Lenka"]
[Result "1-0"]
[WhiteElo "2265"]
[BlackElo "2130"]
[Annotator "TA"]
[PlyCount "59"]
[EventDate "2020.12.19"]
[EventType "team-tourn"]
[EventCountry "NET"]
[SourceTitle "playchess.com"]
[Source "ChessBase"]
[SourceQuality "1"]

{[%evp 17,59,37,57,15,6,17,10,19,12,15,27,12,19,5,14,0,87,91,119,124,185,72,211,24,82,74,191,30,19,19,30,26,17,16,184,195,381,304,325,372,367,342,945,950]} 1. e4 d6 2. d4 Nf6 3. Nc3 e5 4. Nf3 Nbd7 5. Bc4 Be7 6. O-O O-O 7. Re1 c6 8. a4 Qc7 {8...a5 is the modern continuation.} 9. h3 b6 10. b3 {C41: Philidor Defence.} a6 11. Bb2 Bb7 12. Bd3 {The position is equal.} Rfe8 13. Ne2 Bf8 14. Ng3 g6 15. c4 exd4 {[#]} 16. Nxd4 $146 ({Predecessor:} 16. Bxd4 Ne5 17. Nxe5 dxe5 18. Bc3 a5 19. Qf3 Nd7 20. Nf1 Nc5 21. Bc2 Bg7 22. Ne3 Qe7 23. Qg3 h5 24. Rad1 Rad8 25. Rxd8 Rxd8 26. Rd1 {½-½ (26) Jasny,S (2326)-Wiewiora,E (2298) Czech Republic 2020}) 16... a5 (16... Bh6 $11 {remains equal.}) 17. Qd2 $16 Bg7 18. Rad1 Nc5 {[#]} (18... Re5 $16) 19. Bc2 (19. Ndf5 $1 $18 {[%mdl 512] is more deadly.} Bh8 (19... gxf5 20. Nxf5) 20. Bc2) 19... Rad8 {[#]} (19... Nfd7 $16) 20. Qg5 $2 (20. Ngf5 $1 $18 {[%mdl 512]} Nh5 (20... gxf5 21. Nxf5) 21. Nxg7 Nxg7 22. Nf3) 20... h6 (20... d5 $11) 21. Qf4 Nfd7 {[#]} (21... Nh7 $16) 22. h4 $2 (22. Ndf5 $1 $18 {[%mdl 512]} Bxb2 (22... gxf5 23. Bxg7) 23. Nxh6+ {[%mdl 64] Discovered Attack} Kh8 24. Nxf7+ {[%mdl 64] Double Attack} Kg8 25. Nxd8 Qxd8 26. Rxd6) 22... Ne5 $1 $11 23. h5 Bc8 24. hxg6 fxg6 25. Qh4 Re7 $2 {[#]} (25... Qd7 $11 {and Black is okay.}) 26. f4 $1 $18 {[%cal Rf4e5]} Nf7 $2 (26... Rf8) 27. Rf1 ({Stronger than} 27. Nxc6 Qxc6 28. Bxg7 g5 $11) 27... Rde8 28. f5 g5 29. Qh5 {Threatens to win with f6.} Nd7 $2 (29... Ne5 30. f6 Bg4) 30. Ne6 {[%mdl 64] Double Attack, Discovered Attack.  Weighted Error Value: White=0.33/Black=0.51} 1-0

[Event "EWCCC Online Preliminary-C 2020"]
[Site "Online"]
[Date "2020.12.19"]
[Round "5.4"]
[White "Thorsteinsdottir, Hallgerdur"]
[Black "De Seroux, Camille"]
[Result "1/2-1/2"]
[WhiteElo "2009"]
[BlackElo "2137"]
[Annotator "TA"]
[PlyCount "121"]
[EventDate "2020.12.19"]
[EventType "team-tourn"]
[EventCountry "NET"]
[SourceTitle "playchess.com"]
[Source "ChessBase"]
[SourceQuality "1"]

{[%evp 9,121,10,22,0,0,-24,6,-20,-16,-24,-15,-45,-48,-47,-35,-41,-41,-42,-41,-41,-38,-43,-41,-54,-55,-56,-54,-47,-15,-16,-14,-18,-18,-14,-13,-24,-10,-48,-44,-50,-53,-59,-47,-47,-50,-61,-56,-69,-69,-63,-68,-92,-92,-119,-112,-112,-113,-119,-119,-119,-112,-154,-163,-503,-503,-5697,-1360,-5509,-2564,-6610,-1872,-12839,-12839,-12839,-12838,-12842,-12843,-12843,-12843,-12844,-12844,-12845,-12845,-12846,-12846,-12847,-12845,-12845,0,0,0,0,0,0,0,0,0,0,0,0,0,0,0,0,0,0,0,0,0,0,0,0,0,0]} 1. e4 c5 2. Nf3 d6 3. Bb5+ Nd7 4. d4 cxd4 5. Qxd4 a6 6. Bc4 {B51: Sicilian: Moscow Variation (3 Bb5+) without 3...Bd7.} Ngf6 7. O-O (7. a4 {looks sharper.} e6 8. O-O b6 9. Nc3 Be7 10. Rd1) 7... e6 8. Bg5 Be7 9. Nc3 O-O {[#]} 10. e5 $146 ({Predecessor:} 10. Rad1 Qc7 11. a4 b6 12. Ba2 Bb7 13. Rd2 Rfd8 14. Rfd1 Rac8 15. Qe3 h6 16. Bh4 {1-0 (53) Zierk,S (2391)-Grandelius,N (2500) Porto Carras 2010}) 10... dxe5 11. Nxe5 Nxe5 12. Qxe5 Nd7 13. Bxe7 Nxe5 14. Bxd8 Nxc4 15. Bc7 Nxb2 16. Rab1 Nc4 17. Rb4 b5 18. a4 Bd7 {[#] White must now prevent ...Rfc8.} 19. axb5 axb5 {...Rfc8 is the strong threat.} 20. Rd1 Bc6 21. Nxb5 Bxb5 22. Rxb5 Rfc8 $36 {[%mdl 2048] Black fights for an advantage.} 23. Bg3 Na3 24. Rb7 Nxc2 25. h3 Ra1 26. Rxa1 Nxa1 $15 {[%mdl 4096] Endgame KRB-KRN} 27. Be5 Nc2 28. Rb8 Rxb8 29. Bxb8 {KB-KN} f6 30. Ba7 e5 31. Kf1 Kf7 32. Ke2 Ke6 33. Bc5 Kd5 34. Bf8 g6 35. Kf3 f5 36. g4 $2 (36. Ke2 {is a better chance.}) 36... f4 $19 37. h4 (37. Ke2 $142 Nd4+ 38. Ke1) 37... Nd4+ 38. Kg2 e4 39. Ba3 h5 (39... e3 $142 40. fxe3 fxe3) 40. gxh5 gxh5 41. Bc1 Ne2 42. Bd2 Kc4 43. Ba5 Kd3 44. Bb6 Nd4 45. Bd8 e3 46. fxe3 fxe3 47. Ba5 Ke2 48. Kg3 Nf5+ $2 ({Black should try} 48... Ne6 $19 49. Bb6 Kd2) 49. Kf4 $11 {The position is equal.} Nxh4 (49... Ne7 {seems wilder.} 50. Ke4 Ng8 51. Bc3 Nh6 52. Bd4 Ng4) 50. Kg5 Nf3+ 51. Kxh5 Kd1 52. Kg4 Nd2 {[#] ( -> ...e2)} 53. Bb6 e2 54. Bf2 Ne4 (54... Kc2 {with more complications.} 55. Kf4 Kd3 56. Bh4 Ne4 57. Kf3 Ng5+) 55. Bh4 Kd2 56. Kf3 Ng5+ (56... Nd6 {keeps more tension.} 57. Kf4 Kd3 58. Bg3 Kc3 59. Bh4 Nc4) 57. Bxg5+ Kd1 58. Bh4 Kd2 59. Bg3 Kd1 60. Bh4 e1=Q 61. Bxe1 {Whites escaped into a draw.  Weighted Error Value: White=0.56/Black=0.27} 1/2-1/2

[Event "EWCCC Online Preliminary-C 2020"]
[Site "Online"]
[Date "2020.12.19"]
[Round "5.4"]
[White "Gretarsdottir, Lilja"]
[Black "Kurapova, Olga"]
[Result "1-0"]
[WhiteElo "1984"]
[BlackElo "1927"]
[Annotator "NA"]
[PlyCount "75"]
[EventDate "2020.12.19"]
[EventType "team-tourn"]
[EventCountry "NET"]
[SourceTitle "playchess.com"]
[Source "ChessBase"]
[SourceQuality "1"]
[TimeControl "900+5"]

1. e4 {[%emt 0:00:02]} e5 {[%emt 0:00:04]} 2. Nf3 {[%emt 0:00:03]} Nc6 {[%emt 0:00:03]} 3. Bc4 {[%emt 0:00:02]} Bc5 {[%emt 0:00:03]} 4. d3 {[%emt 0:00:06]} Nf6 {[%emt 0:00:08]} 5. Bg5 {[%emt 0:00:07]} h6 {[%emt 0:00:08]} 6. Bh4 {[%emt 0:00:03]} g5 {[%emt 0:00:05]} 7. Bg3 {[%emt 0:00:04]} d6 {[%emt 0:00:05]} 8. h3 {[%emt 0:00:06]} Qe7 {[%emt 0:00:06]} 9. O-O {[%emt 0:00:28]} Be6 {[%emt 0:00:05]} 10. Nbd2 {[%emt 0:01:07]} O-O-O {[%emt 0:00:39]} 11. c3 {[%emt 0:00:21]} a6 {[%emt 0:00:06]} 12. b4 {[%emt 0:00:19]} Ba7 {[%emt 0:00:07]} 13. a4 {[%emt 0:00:41]} Bxc4 {[%emt 0:01:29]} 14. Nxc4 {[%emt 0:00:15]} g4 {[%emt 0:00:14]} 15. hxg4 {[%emt 0:00:10]} Nxg4 {[%emt 0:00:03]} 16. b5 {[%emt 0:00:09]} Nb8 {[%emt 0:00:04]} 17. Qb3 {[%emt 0:03:00]} h5 {[%emt 0:00:34]} 18. Bh4 {[%emt 0:01:50]} f6 {[%emt 0:00:14]} 19. Rab1 {[%emt 0:00:12]} Bb6 {[%emt 0:01:02]} 20. a5 {[%emt 0:01:52]} Bc5 {[%emt 0:05:22]} 21. bxa6 {[%emt 0:01:43]} Kd7 {[%emt 0:04:08]} 22. axb7 {[%emt 0:01:43]} Rhg8 {[%emt 0:00:27]} 23. d4 {[%emt 0:00:56]} exd4 {[%emt 0:00:23]} 24. cxd4 {[%emt 0:00:02]} Ba7 {[%emt 0:00:29]} 25. Qb5+ {[%emt 0:00:20]} Nc6 {[%emt 0:00:04]} 26. d5 {[%emt 0:00:16]} Qg7 {[%emt 0:00:46]} 27. Qxc6+ {[%emt 0:00:04]} Ke7 {[%emt 0:00:02]} 28. g3 {[%emt 0:00:55]} Bb8 {[%emt 0:00:05]} 29. a6 {[%emt 0:00:04]} Nh6 {[%emt 0:00:06]} 30. Ra1 {[%emt 0:00:04]} Ba7 {[%emt 0:00:06]} 31. Qxc7+ {[%emt 0:00:02]} Rd7 {[%emt 0:00:01]} 32. Qc6 {[%emt 0:00:12]} Qg4 {[%emt 0:00:04]} 33. Bxf6+ {[%emt 0:00:16]} Kxf6 {[%emt 0:00:04]} 34. Nh2 {[%emt 0:00:05]} Qh3 {[%emt 0:00:04]} 35. Nb6 {[%emt 0:00:09]} Rxg3+ {[%emt 0:00:12]} 36. fxg3+ {[%emt 0:00:04]} Ke5 {[%emt 0:00:08]} 37. Ra3 {[%emt 0:00:02]} Rg7 {[%emt 0:00:07]} 38. Rff3 {[%emt 0:00:04]} 1-0

[Event "EWCCC Online Preliminary-C 2020"]
[Site "Online"]
[Date "2020.12.19"]
[Round "5.4"]
[White "Heinatz, Maria"]
[Black "Johannsdottir, Johanna Bjorg"]
[Result "0-1"]
[WhiteElo "1941"]
[BlackElo "1935"]
[Annotator "NA"]
[PlyCount "122"]
[EventDate "2020.12.19"]
[EventType "team-tourn"]
[EventCountry "NET"]
[SourceTitle "playchess.com"]
[Source "ChessBase"]
[SourceQuality "1"]
[TimeControl "900+5"]

1. e4 {[%emt 0:00:00]} c5 {[%emt 0:00:05]} 2. Nf3 {[%emt 0:00:04]} g6 {[%emt 0:00:03]} 3. d4 {[%emt 0:00:05]} cxd4 {[%emt 0:00:02]} 4. Qxd4 {[%emt 0:00:02]} Nf6 {[%emt 0:00:01]} 5. Nc3 {[%emt 0:00:16]} Nc6 {[%emt 0:00:02]} 6. Qa4 {[%emt 0:00:06]} Bg7 {[%emt 0:01:05]} 7. e5 {[%emt 0:01:21]} Ng8 {[%emt 0:00:03]} 8. Bf4 {[%emt 0:00:06]} Nh6 {[%emt 0:00:07]} 9. Bd3 {[%emt 0:00:43]} O-O {[%emt 0:00:06]} 10. O-O-O {[%emt 0:00:16]} a6 {[%emt 0:00:09]} 11. h3 {[%emt 0:01:06]} Qb6 {[%emt 0:00:35]} 12. g4 {[%emt 0:02:24]} Qxf2 {[%emt 0:00:29]} 13. Rdf1 {[%emt 0:00:02]} Qc5 {[%emt 0:00:12]} 14. a3 {[%emt 0:00:54]} d6 {[%emt 0:00:57]} 15. Ne4 {[%emt 0:01:47]} Qb6 {[%emt 0:00:07]} 16. c3 {[%emt 0:00:51]} Nxe5 {[%emt 0:00:39]} 17. Nxe5 {[%emt 0:00:04]} dxe5 {[%emt 0:00:04]} 18. Bd2 {[%emt 0:00:10]} Be6 {[%emt 0:00:20]} 19. Ng5 {[%emt 0:00:45]} Bd5 {[%emt 0:01:02]} 20. Rh2 {[%emt 0:00:03]} f6 {[%emt 0:00:27]} 21. Ne4 {[%emt 0:00:05]} Nf7 {[%emt 0:00:12]} 22. h4 {[%emt 0:00:14]} Rad8 {[%emt 0:00:08]} 23. Qd1 {[%emt 0:00:48]} Bb3 {[%emt 0:01:42]} 24. Qe2 {[%emt 0:00:13]} Nd6 {[%emt 0:00:09]} 25. Be3 {[%emt 0:00:12]} Qc6 {[%emt 0:00:15]} 26. Nc5 {[%emt 0:00:08]} Bf7 {[%emt 0:00:28]} 27. h5 {[%emt 0:00:28]} e4 {[%emt 0:00:54]} 28. Bc2 {[%emt 0:00:08]} Bc4 {[%emt 0:00:11]} 29. Qf2 {[%emt 0:00:13]} Bxf1 {[%emt 0:00:07]} 30. Qxf1 {[%emt 0:00:01]} Nf7 {[%emt 0:00:56]} 31. hxg6 {[%emt 0:00:12]} hxg6 {[%emt 0:00:04]} 32. Qh3 {[%emt 0:00:10]} Rfe8 {[%emt 0:01:06]} 33. Bxe4 {[%emt 0:01:29]} Qd6 {[%emt 0:00:56]} 34. Qh7+ {[%emt 0:00:05]} Kf8 {[%emt 0:00:02]} 35. Rd2 {[%emt 0:00:15]} Qe5 {[%emt 0:01:11]} 36. Bd4 {[%emt 0:00:49]} Rxd4 {[%emt 0:01:29]} 37. cxd4 {[%emt 0:00:03]} Qd6 {[%emt 0:00:04]} 38. Bxg6 {[%emt 0:00:37]} Ng5 {[%emt 0:00:37]} 39. Qh1 {[%emt 0:00:11]} b6 {[%emt 0:00:10]} 40. Ne4 {[%emt 0:00:30]} Rc8+ {[%emt 0:00:06]} 41. Kb1 {[%emt 0:00:03]} Qf4 {[%emt 0:00:25]} 42. Nxg5 {[%emt 0:00:17]} Qxg5 {[%emt 0:00:06]} 43. Qg2 {[%emt 0:00:11]} Qxg6+ {[%emt 0:00:02]} 44. Ka1 {[%emt 0:00:08]} Rc1+ {[%emt 0:00:04]} 45. Ka2 {[%emt 0:00:02]} Qf7+ {[%emt 0:00:13]} 46. b3 {[%emt 0:00:03]} Qg6 {[%emt 0:00:02]} 47. Qa8+ {[%emt 0:00:06]} Qe8 {[%emt 0:00:07]} 48. Qxa6 {[%emt 0:00:02]} Qc6 {[%emt 0:00:08]} 49. Qa7 {[%emt 0:00:05]} Bh6 {[%emt 0:00:14]} 50. Re2 {[%emt 0:00:04]} Rc2+ {[%emt 0:00:13]} 51. Rxc2 {[%emt 0:00:04]} Qxc2+ {[%emt 0:00:02]} 52. Ka1 {[%emt 0:00:01]} Qc1+ {[%emt 0:00:03]} 53. Ka2 {[%emt 0:00:01]} Qd2+ {[%emt 0:00:01]} 54. Ka1 {[%emt 0:00:03]} Qxd4+ {[%emt 0:00:02]} 55. Ka2 {[%emt 0:00:02]} Bc1 {[%emt 0:00:06]} 56. Qb8+ {[%emt 0:00:07]} Kg7 {[%emt 0:00:03]} 57. Qh2 {[%emt 0:00:03]} Qxg4 {[%emt 0:00:07]} 58. Qc2 {[%emt 0:00:04]} Qg5 {[%emt 0:00:05]} 59. Kb1 {[%emt 0:00:03]} Bxa3 {[%emt 0:00:03]} 60. Ka2 {[%emt 0:00:01]} Bb4 {[%emt 0:00:04]} 61. Qf2 {[%emt 0:00:07]} Qd2+ {[%emt 0:00:03]} 0-1

[Event "EWCCC Online Preliminary-C 2020"]
[Site "Online"]
[Date "2020.12.19"]
[Round "6.1"]
[White "Mar, Karmen"]
[Black "Ptacnikova, Lenka"]
[Result "1-0"]
[WhiteElo "2093"]
[BlackElo "2130"]
[Annotator "TA"]
[PlyCount "127"]
[EventDate "2020.12.19"]
[EventType "team-tourn"]
[EventCountry "NET"]
[SourceTitle "playchess.com"]
[Source "ChessBase"]
[SourceQuality "1"]

{[%evp 12,127,29,17,24,22,30,21,26,16,22,11,56,56,64,55,59,31,34,38,104,24,36,35,44,39,33,27,56,37,56,50,48,47,52,0,0,0,0,0,49,0,46,0,32,0,34,25,40,29,36,0,16,18,14,18,58,37,53,20,31,10,42,15,162,162,151,161,532,528,581,616,594,590,627,613,578,561,862,825,897,908,1202,1155,29986,29987,29987,692,614,596,852,783,5575,5583,5289,5136,5183,5191,5065,4627,4627,1279,1517,1477,1008,829,1260,1190,1329,1161,789,1008,2638,1667,2428,1393,1743,1581]} 1. e4 c5 2. Nf3 Nc6 3. Bb5 g6 4. Bxc6 dxc6 5. O-O Bg7 6. d3 Nf6 7. Nc3 Nd7 {B31: Sicilian: 2...Nc6 3 Bb5 g6.} 8. Be3 e5 9. a4 a5 {The position is equal.} 10. Nd2 O-O 11. Nc4 {[#]} Qe7 $146 ({Predecessor:} 11... b6 12. Qd2 Ba6 13. b3 Re8 14. Ne2 Nf8 15. Bh6 Bh8 16. f4 exf4 17. Qxf4 Ra7 {1-0 (76) Das,S (2368)-Aravindh,C (2306) Lucknow 2013}) 12. Qd2 Rd8 13. Bg5 f6 14. Be3 b6 15. f4 Ba6 {[#]} (15... exf4 $1 $14 16. Bxf4 Ba6) 16. b3 (16. f5 $1 $16) 16... exf4 17. Bxf4 Ra7 18. Rae1 Bxc4 19. bxc4 Rb7 20. Kh1 Qe6 21. Qf2 Re8 22. Qg3 Ne5 23. Bxe5 (23. Nd1 $14) 23... Qxe5 $11 24. Qxe5 Rxe5 25. Rb1 Re6 26. Rb3 Re8 (26... f5 $5) 27. Rfb1 Reb8 28. Rf1 Rf7 29. g3 Bf8 30. Rfb1 Rfb7 31. Rf1 Kg7 32. Kg2 Bd6 33. Rfb1 Be5 34. Ne2 Kf7 35. Kf3 Ke7 36. h4 Kd7 37. Nf4 Rf8 {Loses the game.} (37... f5 $11 {and Black stays safe.}) 38. Rxb6 $18 Rxb6 39. Rxb6 {[%mdl 4096] Endgame aiming for Rb7+. KRB-KRN} f5 $2 {[#]} (39... Re8 {is more resistant.} 40. Rb7+ Bc7) 40. Rb7+ Kd6 41. Rxh7 fxe4+ 42. Kxe4 Bxf4 43. gxf4 {KR-KR} Re8+ 44. Kf3 Rb8 45. Rg7 Rb4 46. Rxg6+ Kd7 47. h5 Rxa4 48. h6 Ra1 49. h7 (49. Kg2 $142 Re1 50. h7 Re8 51. Rg8 Re2+ 52. Kg3 Re3+ 53. Kg4 Re8 54. Rxe8) 49... Rh1 {White is clearly winning.} 50. Rg7+ Kd6 51. Ke4 a4 52. Kf5 a3 53. Kg6 Rg1+ 54. Kf6 Rh1 55. Ra7 a2 56. Kg7 (56. Rxa2 $142 Rxh7 57. Ra8) 56... Rg1+ 57. Kf8 Rh1 58. Kg8 Rg1+ 59. Kf7 Rh1 60. Rxa2 Rxh7+ 61. Kf6 Rh2 62. Ra8 Rxc2 63. f5 Rd2 64. Kf7 {Weighted Error Value: White=0.38/Black=0.52} 1-0

[Event "EWCCC Online Preliminary-C 2020"]
[Site "Online"]
[Date "2020.12.19"]
[Round "6.1"]
[White "Thorsteinsdottir, Hallgerdur"]
[Black "Hrenic, Misa"]
[Result "1-0"]
[WhiteElo "2009"]
[BlackElo "2020"]
[Annotator "ChessBase"]
[PlyCount "111"]
[EventDate "2020.12.19"]
[EventType "team-tourn"]
[EventCountry "NET"]
[SourceTitle "playchess.com"]
[Source "ChessBase"]
[SourceQuality "1"]
[TimeControl "900+5"]

1. e4 {[%emt 0:00:00]} e5 {[%emt 0:00:04]} 2. Nf3 {[%emt 0:00:05]} Nc6 {[%emt 0:00:01]} 3. Bc4 {[%emt 0:00:03]} Bc5 {[%emt 0:00:03]} 4. c3 {[%emt 0:00:02]} Nf6 {[%emt 0:00:21]} 5. d3 {[%emt 0:00:03]} d6 {[%emt 0:00:18]} 6. Nbd2 {[%emt 0:00:05]} a6 {[%emt 0:00:05]} 7. Bb3 {[%emt 0:00:05]} Ba7 {[%emt 0:00:03]} 8. Nf1 {[%emt 0:00:03]} h6 {[%emt 0:00:46]} 9. Ng3 {[%emt 0:00:04]} O-O {[%emt 0:01:07]} 10. O-O {[%emt 0:00:03]} Re8 {[%emt 0:00:32]} 11. h3 {[%emt 0:00:24]} Be6 {[%emt 0:00:03]} 12. Re1 {[%emt 0:00:21]} d5 {[%emt 0:00:12]} 13. Nh4 {[%emt 0:02:13]} dxe4 {[%emt 0:00:55]} 14. Nxe4 {[%emt 0:00:18]} Nxe4 {[%emt 0:02:14]} 15. Rxe4 {[%emt 0:00:11]} Bxb3 {[%emt 0:00:10]} 16. axb3 {[%emt 0:00:08]} Qf6 {[%emt 0:00:02]} 17. Nf3 {[%emt 0:00:49]} Rad8 {[%emt 0:00:09]} 18. Qe2 {[%emt 0:00:24]} Re6 {[%emt 0:02:31]} 19. Raa4 {[%emt 0:01:10]} Qe7 {[%emt 0:01:51]} 20. Nh4 {[%emt 0:01:07]} Qd7 {[%emt 0:00:50]} 21. Be3 {[%emt 0:03:43]} Qxd3 {[%emt 0:00:35]} 22. Bxa7 {[%emt 0:00:28]} Qxe2 {[%emt 0:00:52]} 23. Rxe2 {[%emt 0:00:04]} Nxa7 {[%emt 0:00:01]} 24. Nf5 {[%emt 0:00:10]} Kh7 {[%emt 0:00:40]} 25. Rg4 {[%emt 0:00:18]} g6 {[%emt 0:00:13]} 26. Ne3 {[%emt 0:00:14]} Nc6 {[%emt 0:00:04]} 27. Nc4 {[%emt 0:00:11]} f5 {[%emt 0:00:32]} 28. Rg3 {[%emt 0:00:10]} e4 {[%emt 0:01:01]} 29. f3 {[%emt 0:00:41]} Rde8 {[%emt 0:00:32]} 30. fxe4 {[%emt 0:00:09]} Rxe4 {[%emt 0:00:05]} 31. Rxe4 {[%emt 0:00:06]} Rxe4 {[%emt 0:00:14]} 32. Rd3 {[%emt 0:00:05]} Re7 {[%emt 0:00:04]} 33. Kf2 {[%emt 0:00:08]} Kg7 {[%emt 0:00:02]} 34. Ne3 {[%emt 0:00:14]} Ne5 {[%emt 0:00:23]} 35. Rd5 {[%emt 0:00:15]} c6 {[%emt 0:00:04]} 36. Rd8 {[%emt 0:00:06]} Rd7 {[%emt 0:00:06]} 37. Re8 {[%emt 0:00:58]} Nd3+ {[%emt 0:00:03]} 38. Kf3 {[%emt 0:00:09]} Nxb2 {[%emt 0:00:04]} 39. Kf4 {[%emt 0:00:15]} Nd3+ {[%emt 0:00:03]} 40. Kf3 {[%emt 0:00:05]} Nc5 {[%emt 0:00:13]} 41. b4 {[%emt 0:00:08]} Ne4 {[%emt 0:00:04]} 42. c4 {[%emt 0:00:07]} Nd6 {[%emt 0:00:02]} 43. Rb8 {[%emt 0:00:15]} Ne4 {[%emt 0:00:04]} 44. g4 {[%emt 0:00:08]} Ng5+ {[%emt 0:00:05]} 45. Kf4 {[%emt 0:00:09]} Nxh3+ {[%emt 0:00:09]} 46. Kg3 {[%emt 0:00:05]} Ng5 {[%emt 0:00:03]} 47. gxf5 {[%emt 0:00:02]} Ne4+ {[%emt 0:00:10]} 48. Kf4 {[%emt 0:00:06]} Nf6 {[%emt 0:00:06]} 49. fxg6 {[%emt 0:00:06]} Kxg6 {[%emt 0:00:02]} 50. Nf5 {[%emt 0:00:23]} h5 {[%emt 0:00:08]} 51. Rh8 {[%emt 0:00:09]} Rh7 {[%emt 0:00:04]} 52. Nh4+ {[%emt 0:00:15]} Kf7 {[%emt 0:00:08]} 53. Rb8 {[%emt 0:00:04]} Ke6 {[%emt 0:00:02]} 54. Nf3 {[%emt 0:00:04]} Kd7 {[%emt 0:00:07]} 55. Rxb7+ {[%emt 0:00:03]} Ke6 {[%emt 0:00:02]} 56. Ng5+ {[%emt 0:00:04]} 1-0

[Event "EWCCC Online Preliminary-C 2020"]
[Site "Online"]
[Date "2020.12.19"]
[Round "6.1"]
[White "Gretarsdottir, Lilja"]
[Black "Drevensek, Doroteja"]
[Result "1-0"]
[WhiteElo "1984"]
[BlackElo "1385"]
[Annotator "NA"]
[PlyCount "103"]
[EventDate "2020.12.19"]
[EventType "team-tourn"]
[EventCountry "NET"]
[SourceTitle "playchess.com"]
[Source "ChessBase"]
[SourceQuality "1"]
[TimeControl "900+5"]

1. e4 {[%emt 0:00:02]} d6 {[%emt 0:00:02]} 2. d4 {[%emt 0:00:04]} Nf6 {[%emt 0:00:02]} 3. Nc3 {[%emt 0:00:04]} Nbd7 {[%emt 0:00:04]} 4. Nf3 {[%emt 0:00:07]} e5 {[%emt 0:00:02]} 5. Bc4 {[%emt 0:00:38]} Be7 {[%emt 0:00:05]} 6. O-O {[%emt 0:00:03]} O-O {[%emt 0:00:02]} 7. a3 {[%emt 0:00:28]} c6 {[%emt 0:00:07]} 8. Ba2 {[%emt 0:01:00]} b5 {[%emt 0:00:42]} 9. Re1 {[%emt 0:00:09]} Qc7 {[%emt 0:00:09]} 10. h3 {[%emt 0:00:17]} a6 {[%emt 0:00:26]} 11. Bg5 {[%emt 0:01:36]} h6 {[%emt 0:00:20]} 12. Bh4 {[%emt 0:00:03]} Bb7 {[%emt 0:00:13]} 13. Qd2 {[%emt 0:01:05]} Rfe8 {[%emt 0:01:33]} 14. Rad1 {[%emt 0:00:19]} c5 {[%emt 0:02:41]} 15. dxe5 {[%emt 0:01:22]} Nxe5 {[%emt 0:00:23]} 16. Nxe5 {[%emt 0:00:09]} dxe5 {[%emt 0:00:12]} 17. Bg3 {[%emt 0:00:23]} Rad8 {[%emt 0:00:30]} 18. Nd5 {[%emt 0:04:06]} Nxd5 {[%emt 0:00:40]} 19. Bxd5 {[%emt 0:00:04]} Bg5 {[%emt 0:01:07]} 20. Qe2 {[%emt 0:00:18]} Bf6 {[%emt 0:00:42]} 21. c4 {[%emt 0:00:19]} Qb6 {[%emt 0:00:45]} 22. Qh5 {[%emt 0:00:58]} Bxd5 {[%emt 0:00:10]} 23. cxd5 {[%emt 0:00:13]} c4 {[%emt 0:00:35]} 24. Re2 {[%emt 0:00:04]} Qd6 {[%emt 0:00:33]} 25. Rc2 {[%emt 0:00:22]} Rc8 {[%emt 0:00:24]} 26. Qg4 {[%emt 0:00:09]} Rc5 {[%emt 0:01:50]} 27. Kh1 {[%emt 0:00:05]} Rec8 {[%emt 0:00:13]} 28. f4 {[%emt 0:00:39]} a5 {[%emt 0:00:28]} 29. Qf5 {[%emt 0:00:43]} g6 {[%emt 0:00:27]} 30. fxe5 {[%emt 0:00:36]} gxf5 {[%emt 0:00:39]} 31. exd6 {[%emt 0:00:01]} Rd8 {[%emt 0:00:47]} 32. e5 {[%emt 0:00:07]} Bg7 {[%emt 0:00:11]} 33. Bf2 {[%emt 0:00:10]} Rcc8 {[%emt 0:00:08]} 34. Bh4 {[%emt 0:00:35]} Rd7 {[%emt 0:00:25]} 35. Bg3 {[%emt 0:00:02]} b4 {[%emt 0:00:07]} 36. axb4 {[%emt 0:00:05]} axb4 {[%emt 0:00:02]} 37. e6 {[%emt 0:00:01]} fxe6 {[%emt 0:00:06]} 38. dxe6 {[%emt 0:00:02]} Ra7 {[%emt 0:00:10]} 39. d7 {[%emt 0:00:02]} Rca8 {[%emt 0:00:05]} 40. d8=Q+ {[%emt 0:00:04]} Rxd8 {[%emt 0:00:02]} 41. Rxd8+ {[%emt 0:00:02]} Kh7 {[%emt 0:00:02]} 42. Rxc4 {[%emt 0:00:03]} Bxb2 {[%emt 0:00:10]} 43. Rxb4 {[%emt 0:00:02]} Bg7 {[%emt 0:00:07]} 44. Rd7 {[%emt 0:00:02]} Ra1+ {[%emt 0:00:04]} 45. Kh2 {[%emt 0:00:02]} Ra8 {[%emt 0:00:05]} 46. Rbb7 {[%emt 0:00:02]} Re8 {[%emt 0:00:07]} 47. Rxg7+ {[%emt 0:00:03]} Kh8 {[%emt 0:00:02]} 48. Be5 {[%emt 0:00:07]} Rxe6 {[%emt 0:00:07]} 49. Rge7+ {[%emt 0:00:03]} Kg8 {[%emt 0:00:02]} 50. Rxe6 {[%emt 0:00:01]} f4 {[%emt 0:00:04]} 51. Ra6 {[%emt 0:00:02]} f3 {[%emt 0:00:05]} 52. Ra8# {[%emt 0:00:02]} 1-0

[Event "EWCCC Online Preliminary-C 2020"]
[Site "Online"]
[Date "2020.12.19"]
[Round "6.1"]
[White "Mihevc-Mohr, Narcisa"]
[Black "Johannsdottir, Johanna Bjorg"]
[Result "0-1"]
[WhiteElo "1974"]
[BlackElo "1935"]
[Annotator "NA"]
[PlyCount "68"]
[EventDate "2020.12.19"]
[EventType "team-tourn"]
[EventCountry "NET"]
[SourceTitle "playchess.com"]
[Source "ChessBase"]
[SourceQuality "1"]
[TimeControl "900+5"]

1. e4 {[%emt 0:00:00]} c5 {[%emt 0:00:04]} 2. Nf3 {[%emt 0:00:04]} g6 {[%emt 0:00:02]} 3. d4 {[%emt 0:00:03]} cxd4 {[%emt 0:00:02]} 4. Nxd4 {[%emt 0:00:03]} Nc6 {[%emt 0:00:02]} 5. Nc3 {[%emt 0:00:06]} Bg7 {[%emt 0:00:01]} 6. Be3 {[%emt 0:00:10]} Nf6 {[%emt 0:00:02]} 7. Bc4 {[%emt 0:00:32]} O-O {[%emt 0:00:03]} 8. Bb3 {[%emt 0:00:06]} Ng4 {[%emt 0:00:05]} 9. Qxg4 {[%emt 0:00:05]} Nxd4 {[%emt 0:00:03]} 10. Qh4 {[%emt 0:01:31]} Ne6 {[%emt 0:00:50]} 11. Nd5 {[%emt 0:00:30]} Bxb2 {[%emt 0:01:40]} 12. Rd1 {[%emt 0:01:46]} Re8 {[%emt 0:01:11]} 13. f4 {[%emt 0:01:08]} Qa5+ {[%emt 0:01:28]} 14. Bd2 {[%emt 0:00:38]} Qc5 {[%emt 0:00:15]} 15. Bb4 {[%emt 0:00:20]} Qc6 {[%emt 0:00:43]} 16. Bxe7 {[%emt 0:00:24]} Bc3+ {[%emt 0:00:35]} 17. Nxc3 {[%emt 0:01:34]} Qxc3+ {[%emt 0:00:05]} 18. Rd2 {[%emt 0:00:07]} Qe3+ {[%emt 0:00:39]} 19. Re2 {[%emt 0:00:15]} Qc1+ {[%emt 0:00:14]} 20. Kf2 {[%emt 0:00:03]} Qxf4+ {[%emt 0:00:41]} 21. Kg1 {[%emt 0:01:27]} Nd4 {[%emt 0:03:33]} 22. Re1 {[%emt 0:01:40]} Qxh4 {[%emt 0:00:25]} 23. Bxh4 {[%emt 0:00:04]} d6 {[%emt 0:00:37]} 24. Bg3 {[%emt 0:01:17]} Bg4 {[%emt 0:00:55]} 25. h3 {[%emt 0:00:09]} Ne2+ {[%emt 0:00:17]} 26. Kf2 {[%emt 0:00:04]} Nxg3 {[%emt 0:00:12]} 27. Kxg3 {[%emt 0:00:02]} Be6 {[%emt 0:00:10]} 28. Kf4 {[%emt 0:00:31]} Rac8 {[%emt 0:00:08]} 29. Rd1 {[%emt 0:00:06]} Bxb3 {[%emt 0:00:16]} 30. cxb3 {[%emt 0:00:04]} Rc2 {[%emt 0:00:06]} 31. g4 {[%emt 0:00:38]} Re6 {[%emt 0:00:11]} 32. a4 {[%emt 0:00:50]} Rc3 {[%emt 0:00:25]} 33. Rb1 {[%emt 0:00:09]} h6 {[%emt 0:00:23]} 34. h4 {[%emt 0:00:03]} Rf6# {[%emt 0:00:03]} 0-1